| 000 | 01132cam a2200241 4500 | ||
|---|---|---|---|
| 008 | 010921n2002 000 0 eng u | ||
| 020 | _a0406945179 | ||
| 035 | _a(Sirsi) u114750 | ||
| 041 | _aeng. | ||
| 100 |
_aSmithers, Tim _xEditor |
||
| 245 | _aVeale Wasbrough on property development | ||
| 260 |
_aLondon _bButterworth and Company _c2002 |
||
| 300 |
_axxviii, 947p. _c25cm. |
||
| 350 | _a110 | ||
| 520 | _aPresents a systematic approach to the process of property development, leading the reader through each stage of a transaction in chronological order. Contains guidance for legal advisers, identifies the key concerns of developers and investors, and provides precedents for each stage of the property development process. After introducing the subject goes on to deal with commercial and property matters, looking at the key issues a developer will need to consider, and practical precedents. | ||
| 650 | _aPROPERTY DEVELOPMENT | ||
| 650 | _aPROPERTY INVESTMENT | ||
| 650 | _aJOINT VENTURES | ||
| 650 | _aLEASES | ||
| 690 | _aPROPERTY-COMMERCIAL PROPERTY | ||
| 700 |
_aPhilpott, Gary _xEditor |
||
| 942 | _n0 | ||
| 999 |
_c101661 _d101661 |
||